000 00523nam a22001817a 4500
999 _c169526
_d169526
005 20191122125008.0
010 _aENG-126983
020 _a9781521556399
_c225.00
035 _aEN-110515
037 _bDBAD/PUB
082 _a882
100 _aSonawane, Ramnath
245 _aLady Diana :
_cby Ramnath Sonawane
_bthe queen of hearts (a 03 act play) /
260 _aNagpur
_bDattsons
_c2019
270 _aJ.Nehru Marg, Sadar
_bNagpur
_e440001
300 _a58p.
_c20cm(pbk)
942 _2ddc
_cEN
_h882
_mSON